000 00255nam a2200097Ia 4500
001 1178712
005 20250827012750.0
008 250824s9999 xx 000 0 und d
245 0 _aİBNİ SİNA İLE UÇAMN ADAMIN PEŞİNDE
_cÖZKAN ÖZE
260 _bKETEBE
999 _c1178712
_d1178712